00445nam a2200133Ia 4500008004100000024004800041082001700089100006900106245003400175260002600209600002100235650003800256999001700294260210s9999 xx 000 0 und d a12B-102-BS, 12B-124-BS & 12B-113-BS a005.4072 MAL aMalik Hammad Ahmed, Mahira Fatima Yaseen & Mansoor Ali Bugti 0aAutomated Mechanical Workshop aKarachi:bUITU,c2013 aComputer Science aBachelor of Computer Science (BS) c32386d32386